<?xml version="1.0" encoding="UTF-8"?>
<collection xmlns="http://www.loc.gov/MARC21/slim">
 <record>
  <leader>04932cam a2200961   4500</leader>
  <controlfield tag="001">323589642</controlfield>
  <controlfield tag="003">DE-627</controlfield>
  <controlfield tag="005">20240731195129.0</controlfield>
  <controlfield tag="007">tu</controlfield>
  <controlfield tag="008">010111s2001    gw |||||      00| ||ger c</controlfield>
  <datafield tag="010" ind1=" " ind2=" ">
   <subfield code="a">  2003488272</subfield>
  </datafield>
  <datafield tag="015" ind1=" " ind2=" ">
   <subfield code="a">01,N16,0507</subfield>
   <subfield code="2">dnb</subfield>
  </datafield>
  <datafield tag="015" ind1=" " ind2=" ">
   <subfield code="a">02,A02,0976</subfield>
   <subfield code="2">dnb</subfield>
  </datafield>
  <datafield tag="016" ind1="7" ind2=" ">
   <subfield code="a">961152893</subfield>
   <subfield code="2">DE-101</subfield>
  </datafield>
  <datafield tag="020" ind1=" " ind2=" ">
   <subfield code="a">3486565184</subfield>
   <subfield code="c">Pp. : EUR 39.80, sfr 61.00</subfield>
   <subfield code="9">3-486-56518-4</subfield>
  </datafield>
  <datafield tag="035" ind1=" " ind2=" ">
   <subfield code="a">(DE-627)323589642</subfield>
  </datafield>
  <datafield tag="035" ind1=" " ind2=" ">
   <subfield code="a">(DE-576)088891364</subfield>
  </datafield>
  <datafield tag="035" ind1=" " ind2=" ">
   <subfield code="a">(DE-599)GBV323589642</subfield>
  </datafield>
  <datafield tag="035" ind1=" " ind2=" ">
   <subfield code="a">(OCoLC)248338796</subfield>
  </datafield>
  <datafield tag="035" ind1=" " ind2=" ">
   <subfield code="a">(OCoLC)248338796</subfield>
  </datafield>
  <datafield tag="035" ind1=" " ind2=" ">
   <subfield code="a">(OCoLC)1078752931</subfield>
  </datafield>
  <datafield tag="040" ind1=" " ind2=" ">
   <subfield code="a">DE-627</subfield>
   <subfield code="b">ger</subfield>
   <subfield code="c">DE-627</subfield>
   <subfield code="e">rakwb</subfield>
  </datafield>
  <datafield tag="041" ind1=" " ind2=" ">
   <subfield code="a">ger</subfield>
  </datafield>
  <datafield tag="044" ind1=" " ind2=" ">
   <subfield code="c">XA-DE</subfield>
  </datafield>
  <datafield tag="050" ind1=" " ind2="0">
   <subfield code="a">NA6605.C94</subfield>
  </datafield>
  <datafield tag="082" ind1="0" ind2=" ">
   <subfield code="a">727.30943714</subfield>
  </datafield>
  <datafield tag="084" ind1=" " ind2=" ">
   <subfield code="a">45</subfield>
   <subfield code="a">63</subfield>
   <subfield code="a">22</subfield>
   <subfield code="2">sdnb</subfield>
  </datafield>
  <datafield tag="084" ind1=" " ind2=" ">
   <subfield code="a">9,10</subfield>
   <subfield code="2">ssgn</subfield>
  </datafield>
  <datafield tag="084" ind1=" " ind2=" ">
   <subfield code="a">LL 43866</subfield>
   <subfield code="2">rvk</subfield>
   <subfield code="0">(DE-625)rvk/99743:13317</subfield>
  </datafield>
  <datafield tag="084" ind1=" " ind2=" ">
   <subfield code="a">NU 3265</subfield>
   <subfield code="2">rvk</subfield>
   <subfield code="0">(DE-625)rvk/131221:</subfield>
  </datafield>
  <datafield tag="084" ind1=" " ind2=" ">
   <subfield code="a">56.84</subfield>
   <subfield code="2">bkl</subfield>
  </datafield>
  <datafield tag="090" ind1=" " ind2=" ">
   <subfield code="a">a</subfield>
  </datafield>
  <datafield tag="100" ind1="1" ind2=" ">
   <subfield code="a">Marek, Michaela</subfield>
   <subfield code="d">1956-2018</subfield>
   <subfield code="0">(DE-588)129518484</subfield>
   <subfield code="0">(DE-627)471006858</subfield>
   <subfield code="0">(DE-576)297701592</subfield>
   <subfield code="4">aut</subfield>
  </datafield>
  <datafield tag="245" ind1="1" ind2="0">
   <subfield code="a">Universität als &quot;Monument&quot; und Politikum</subfield>
   <subfield code="b">die Repräsentationsbauten der Prager Universitäten 1900 - 1935 und der politische Konflikt zwischen &quot;konservativer&quot; und &quot;moderner&quot; Architektur</subfield>
   <subfield code="c">von Michaela Marek. Mit einem Vorw. von Hans Lemberg</subfield>
  </datafield>
  <datafield tag="264" ind1=" " ind2="1">
   <subfield code="a">München</subfield>
   <subfield code="b">Oldenbourg</subfield>
   <subfield code="c">2001</subfield>
  </datafield>
  <datafield tag="300" ind1=" " ind2=" ">
   <subfield code="a">211 S</subfield>
   <subfield code="b">Ill., graph. Darst., Kt</subfield>
   <subfield code="c">24 cm</subfield>
  </datafield>
  <datafield tag="336" ind1=" " ind2=" ">
   <subfield code="a">Text</subfield>
   <subfield code="b">txt</subfield>
   <subfield code="2">rdacontent</subfield>
  </datafield>
  <datafield tag="337" ind1=" " ind2=" ">
   <subfield code="a">ohne Hilfsmittel zu benutzen</subfield>
   <subfield code="b">n</subfield>
   <subfield code="2">rdamedia</subfield>
  </datafield>
  <datafield tag="338" ind1=" " ind2=" ">
   <subfield code="a">Band</subfield>
   <subfield code="b">nc</subfield>
   <subfield code="2">rdacarrier</subfield>
  </datafield>
  <datafield tag="490" ind1="1" ind2=" ">
   <subfield code="a">Veröffentlichungen des Collegium Carolinum</subfield>
   <subfield code="v">95</subfield>
  </datafield>
  <datafield tag="500" ind1=" " ind2=" ">
   <subfield code="a">Literaturverz. S. [191] - 207</subfield>
  </datafield>
  <datafield tag="583" ind1="1" ind2=" ">
   <subfield code="a">Archivierung/Langzeitarchivierung gewährleistet</subfield>
   <subfield code="f">SSG</subfield>
   <subfield code="x">XA-DE-BW</subfield>
   <subfield code="2">pdager</subfield>
   <subfield code="5">DE-16</subfield>
  </datafield>
  <datafield tag="610" ind1="1" ind2="0">
   <subfield code="a">Univerzita Karlova</subfield>
   <subfield code="x">History</subfield>
  </datafield>
  <datafield tag="648" ind1=" " ind2="7">
   <subfield code="a">Geschichte 1900-1935</subfield>
   <subfield code="2">gnd</subfield>
  </datafield>
  <datafield tag="648" ind1=" " ind2="7">
   <subfield code="a">Geschichte 1900-1935</subfield>
   <subfield code="2">gnd</subfield>
  </datafield>
  <datafield tag="650" ind1=" " ind2="0">
   <subfield code="a">Campus planning</subfield>
   <subfield code="z">Czech Republic</subfield>
   <subfield code="z">Prague</subfield>
  </datafield>
  <datafield tag="650" ind1=" " ind2="0">
   <subfield code="a">Architecture</subfield>
   <subfield code="z">Czech Republic</subfield>
   <subfield code="z">Prague</subfield>
   <subfield code="x">History</subfield>
   <subfield code="y">20th century</subfield>
  </datafield>
  <datafield tag="650" ind1=" " ind2="0">
   <subfield code="a">Architecture and state</subfield>
   <subfield code="z">Czech Republic</subfield>
   <subfield code="z">Prague</subfield>
  </datafield>
  <datafield tag="650" ind1=" " ind2="0">
   <subfield code="a">Prague (Czech Republic)</subfield>
   <subfield code="x">Buildings, structures, etc</subfield>
  </datafield>
  <datafield tag="650" ind1=" " ind2="4">
   <subfield code="a">Geschichte 1900-1935</subfield>
  </datafield>
  <datafield tag="651" ind1=" " ind2="4">
   <subfield code="a">Tschechische Republik</subfield>
  </datafield>
  <datafield tag="689" ind1="0" ind2="0">
   <subfield code="d">b</subfield>
   <subfield code="0">(DE-588)2047146-4</subfield>
   <subfield code="0">(DE-627)102929777</subfield>
   <subfield code="0">(DE-576)191958166</subfield>
   <subfield code="a">Deutsche Universität Prag</subfield>
   <subfield code="2">gnd</subfield>
  </datafield>
  <datafield tag="689" ind1="0" ind2="1">
   <subfield code="d">s</subfield>
   <subfield code="0">(DE-588)4002851-3</subfield>
   <subfield code="0">(DE-627)104280352</subfield>
   <subfield code="0">(DE-576)208848975</subfield>
   <subfield code="a">Architektur</subfield>
   <subfield code="2">gnd</subfield>
  </datafield>
  <datafield tag="689" ind1="0" ind2="2">
   <subfield code="a">z</subfield>
   <subfield code="2">gnd</subfield>
   <subfield code="a">Geschichte 1900-1935</subfield>
  </datafield>
  <datafield tag="689" ind1="0" ind2=" ">
   <subfield code="5">DE-101</subfield>
  </datafield>
  <datafield tag="689" ind1="1" ind2="0">
   <subfield code="d">b</subfield>
   <subfield code="0">(DE-588)3511-7</subfield>
   <subfield code="0">(DE-627)100088880</subfield>
   <subfield code="0">(DE-576)190155957</subfield>
   <subfield code="a">Univerzita Karlova</subfield>
   <subfield code="2">gnd</subfield>
  </datafield>
  <datafield tag="689" ind1="1" ind2=" ">
   <subfield code="5">DE-101</subfield>
  </datafield>
  <datafield tag="689" ind1="2" ind2="0">
   <subfield code="d">g</subfield>
   <subfield code="0">(DE-588)4076310-9</subfield>
   <subfield code="0">(DE-627)106083252</subfield>
   <subfield code="0">(DE-576)209201436</subfield>
   <subfield code="a">Prag</subfield>
   <subfield code="2">gnd</subfield>
  </datafield>
  <datafield tag="689" ind1="2" ind2="1">
   <subfield code="d">s</subfield>
   <subfield code="0">(DE-588)4160195-6</subfield>
   <subfield code="0">(DE-627)104636572</subfield>
   <subfield code="0">(DE-576)209855975</subfield>
   <subfield code="a">Hochschulbau</subfield>
   <subfield code="2">gnd</subfield>
  </datafield>
  <datafield tag="689" ind1="2" ind2="2">
   <subfield code="d">s</subfield>
   <subfield code="0">(DE-588)4278247-8</subfield>
   <subfield code="0">(DE-627)104352930</subfield>
   <subfield code="0">(DE-576)210734051</subfield>
   <subfield code="a">Repräsentationsbau</subfield>
   <subfield code="2">gnd</subfield>
  </datafield>
  <datafield tag="689" ind1="2" ind2="3">
   <subfield code="a">z</subfield>
   <subfield code="2">gnd</subfield>
   <subfield code="a">Geschichte 1900-1935</subfield>
  </datafield>
  <datafield tag="689" ind1="2" ind2=" ">
   <subfield code="5">(DE-627)</subfield>
  </datafield>
  <datafield tag="700" ind1="1" ind2=" ">
   <subfield code="a">Lemberg, Hans</subfield>
   <subfield code="d">1933-2009</subfield>
   <subfield code="0">(DE-588)118077198</subfield>
   <subfield code="0">(DE-627)079229425</subfield>
   <subfield code="0">(DE-576)161954170</subfield>
   <subfield code="4">oth</subfield>
  </datafield>
  <datafield tag="787" ind1="0" ind2="8">
   <subfield code="i">Rezensiert in</subfield>
   <subfield code="a">Giustino, Cathleen M., 1960 - </subfield>
   <subfield code="t">[Rezension von: Michaela Marek, Universität als &quot;Monument&quot; und Politikum]</subfield>
   <subfield code="d">2008</subfield>
   <subfield code="w">(DE-627)1859559409</subfield>
  </datafield>
  <datafield tag="810" ind1="2" ind2=" ">
   <subfield code="a">Collegium Carolinum</subfield>
   <subfield code="g">München</subfield>
   <subfield code="t">Veröffentlichungen des Collegium Carolinum</subfield>
   <subfield code="v">95</subfield>
   <subfield code="9">95</subfield>
   <subfield code="w">(DE-627)130722731</subfield>
   <subfield code="w">(DE-576)002181509</subfield>
   <subfield code="w">(DE-600)971761-4</subfield>
   <subfield code="x">0530-9794</subfield>
   <subfield code="7">ns</subfield>
  </datafield>
  <datafield tag="856" ind1="4" ind2="2">
   <subfield code="u">http://bvbr.bib-bvb.de:8991/F?func=service&amp;doc_library=BVB01&amp;doc_number=009113633&amp;line_number=0001&amp;func_code=DB_RECORDS&amp;service_type=MEDIA</subfield>
   <subfield code="m">V:DE-604</subfield>
   <subfield code="q">application/pdf</subfield>
   <subfield code="3">Klappentext</subfield>
  </datafield>
  <datafield tag="856" ind1="4" ind2="2">
   <subfield code="u">http://www.h-net.org/review/hrev-a0c4n6-aa</subfield>
   <subfield code="x">Verlag</subfield>
   <subfield code="y">Book review (H-Net)</subfield>
  </datafield>
  <datafield tag="935" ind1=" " ind2=" ">
   <subfield code="i">sf</subfield>
  </datafield>
  <datafield tag="935" ind1=" " ind2=" ">
   <subfield code="i">Blocktest</subfield>
  </datafield>
  <datafield tag="936" ind1="r" ind2="v">
   <subfield code="a">LL 43866</subfield>
   <subfield code="b">Öffentliche Bauten, Plätze, Industriebauten</subfield>
   <subfield code="k">Kunstgeschichte</subfield>
   <subfield code="k">Kunst nach Ländern bzw. Kontinenten</subfield>
   <subfield code="k">Tschechische Republik und Slowakei</subfield>
   <subfield code="k">Kunsttopografie von Tschechischer Republik und Slowakei</subfield>
   <subfield code="k">Alphabetische Liste der tschechischen und slowakischen Orte</subfield>
   <subfield code="k">Orte P</subfield>
   <subfield code="k">Prag</subfield>
   <subfield code="k">Öffentliche Bauten, Plätze, Industriebauten</subfield>
   <subfield code="0">(DE-627)1271025590</subfield>
   <subfield code="0">(DE-625)rvk/99743:13317</subfield>
   <subfield code="0">(DE-576)201025590</subfield>
  </datafield>
  <datafield tag="936" ind1="r" ind2="v">
   <subfield code="a">NU 3265</subfield>
   <subfield code="b">Prag</subfield>
   <subfield code="k">Geschichte</subfield>
   <subfield code="k">Geschichte der Wissenschaften und des Unterrichtswesens</subfield>
   <subfield code="k">Geschichte der Wissenschaften</subfield>
   <subfield code="k">Geschichte der wissenschaftlichen Institutionen</subfield>
   <subfield code="k">Universitäten und Hochschulen</subfield>
   <subfield code="k">Deutschsprachige Universitäten</subfield>
   <subfield code="k">Deutschsprachige Universitäten</subfield>
   <subfield code="k">Universitäten P</subfield>
   <subfield code="k">Prag</subfield>
   <subfield code="0">(DE-627)1271666049</subfield>
   <subfield code="0">(DE-625)rvk/131221:</subfield>
   <subfield code="0">(DE-576)201666049</subfield>
  </datafield>
  <datafield tag="936" ind1="b" ind2="k">
   <subfield code="a">56.84</subfield>
   <subfield code="j">Schulbau</subfield>
   <subfield code="j">Bibliotheksbau</subfield>
   <subfield code="j">Museumsbau</subfield>
   <subfield code="j">Theaterbau</subfield>
   <subfield code="0">(DE-627)106421174</subfield>
  </datafield>
  <datafield tag="951" ind1=" " ind2=" ">
   <subfield code="a">BO</subfield>
  </datafield>
  <datafield tag="990" ind1=" " ind2=" ">
   <subfield code="a">Deutsche Universität Prag</subfield>
  </datafield>
  <datafield tag="990" ind1=" " ind2=" ">
   <subfield code="a">Architektur</subfield>
  </datafield>
  <datafield tag="990" ind1=" " ind2=" ">
   <subfield code="a">Geschichte 1900-1935</subfield>
  </datafield>
  <datafield tag="990" ind1=" " ind2=" ">
   <subfield code="a">Univerzita Karlova</subfield>
  </datafield>
  <datafield tag="990" ind1=" " ind2=" ">
   <subfield code="a">Prag</subfield>
  </datafield>
  <datafield tag="990" ind1=" " ind2=" ">
   <subfield code="a">Hochschulbau</subfield>
  </datafield>
  <datafield tag="990" ind1=" " ind2=" ">
   <subfield code="a">Repräsentationsbau</subfield>
  </datafield>
  <datafield tag="990" ind1=" " ind2=" ">
   <subfield code="a">Geschichte 1900-1935</subfield>
  </datafield>
  <datafield tag="991" ind1=" " ind2=" ">
   <subfield code="a">Rezensiertes Werk</subfield>
  </datafield>
  <datafield tag="999" ind1=" " ind2=" ">
   <subfield code="a">KXP-PPN323589642</subfield>
   <subfield code="e">4396467672</subfield>
  </datafield>
 </record>
</collection>
